El hombre: un enigma. Antropología filosófica

Uloženo v:
Podrobná bibliografie
Hlavní autor: Vélez Correa, Jaime (Autor)
Médium: Kniha
Jazyk:španělština
Vydáno: Bogotá CELAM 1995
Edice:Colección de Textos Básicos para Seminarios Latinoamericanos, 2
Témata:
Tagy: Přidat tag
Žádné tagy, Buďte první, kdo vytvoří štítek k tomuto záznamu!

MARC

LEADER 00000cam a2200000 a 4500
001 UCK0206
003 CL-VaPUC
008 040915e19950000CK |||||||||||||||||spa|d
020 |a 9586252914 
082 0 4 |a 128  |b VEL  |2 21 
100 0 |a Vélez Correa, Jaime  |e author  |9 488102 
245 1 3 |a El hombre: un enigma. Antropología filosófica 
246 1 0 |a Filosofía para la Evangelización Liberadora en América Latina 2 
300 |a 443 p 
942 |c BK 
945 |d 20040915 00:00:00  |a cmena 
260 |a Bogotá  |b CELAM  |c 1995 
650 0 |a Antropología filosófica  |9 265842 
650 0 |a Naturaleza humana   |9 308593 
650 7 |a EVANGELIZACION  |2 CL-VaPUC  |9 488103 
650 7 |a HOMBRE  |2 CL-VaPUC  |9 262149 
583 |a last modification  |c 20150416 15:37:53  |k Rodrigo Vera 
490 0 |a Colección de Textos Básicos para Seminarios Latinoamericanos, 2 
999 |c 310695  |d 310693 
952 |0 0  |1 0  |4 0  |6 128_000000000000000_VEL_1995  |7 0  |8 A  |9 379590  |a BIBTEO  |b BIBTEO  |d 2019-11-21  |i 4063724  |o 128 VEL 1995  |p 4063724  |r 2025-01-17  |w 2019-11-21  |y BK  |k ICR